000 00433nam a22001337a 4500
005 20260318163309.0
008 260318b |||||||| |||| 00| 0 eng d
040 _cFLL
041 _2eng
_aeng
100 _aMishra, Ravi Shankar
_91132487
245 _aRights of Tribals Under Panchayats (Extension to Scheduled Areas) Act
_bA Study Relating to the Oraon Tribe of Jharkhand
260 _aDU
_bFaculty of Law
_c2023
942 _2CC
_cDIS
999 _c1715715
_d1715715